Dennis Regan v Paul Properties Ltd (1), Peter Lahaise (2), John Griston (3) (Record no. 77940)
[ view plain ]
| 000 -LEADER | |
|---|---|
| fixed length control field | 01300cab a2200205 4500 |
| 001 - CONTROL NUMBER | |
| control field | ##L135566 |
| 008 - FIXED-LENGTH DATA ELEMENTS--GENERAL INFORMATION | |
| fixed length control field | 061108n2006 000 0 eng u |
| 035 ## - SYSTEM CONTROL NUMBER | |
| System control number | (Sirsi) u135566 |
| 041 0# - LANGUAGE CODE | |
| Language code of text/sound track or separate title | eng |
| 245 00 - TITLE STATEMENT | |
| Title | Dennis Regan v Paul Properties Ltd (1), Peter Lahaise (2), John Griston (3) |
| 260 ## - PUBLICATION, DISTRIBUTION, ETC. | |
| Date of publication, distribution, etc. | 2006 |
| 520 ## - SUMMARY, ETC. | |
| Summary, etc. | [2006] EWCA Civ 1319, 26 October 2006. Appeal by R against a decision ([2006] EWHC 1941 (Ch), L134918) to award him damages rather than a mandatory injunction for infringement of his right to light by P. "Held": appeal allowed. The judge had wrongly directed himself on the relevance of the parties' conduct to the exercise of his discretion. P had acted on wrong advice that there would be no infringement of R's right to light, but that should not prejudice the position of R, who had acted on correct advice. Therefore R should be awarded a mandatory injunction. |
| 590 ## - LOCAL NOTE (RLIN) | |
| Local note | IKA141106 |
| 650 24 - SUBJECT ADDED ENTRY--TOPICAL TERM | |
| Topical term or geographic name entry element | REGAN V PAUL PROPERTIES LTD AND OTHERS |
| 650 24 - SUBJECT ADDED ENTRY--TOPICAL TERM | |
| Topical term or geographic name entry element | SHELFER V CITY OF LONDON ELECTRIC LIGHTING CO LTD 1895 |
| 651 #4 - SUBJECT ADDED ENTRY--GEOGRAPHIC NAME | |
| Geographic name | England and Wales |
| Chronological subdivision | 1543- |
| 690 ## - LOCAL SUBJECT ADDED ENTRY--TOPICAL TERM (OCLC, RLIN) | |
| Topical term or geographic name as entry element | PROPERTY-PROPERTY MANAGEMENT-EASEMENTS-RIGHTS TO LIGHT DETERMINATION |
| 856 40 - ELECTRONIC LOCATION AND ACCESS | |
| Uniform Resource Identifier | <a href="https://www.bailii.org/ew/cases/EWCA/Civ/2006/1319.html">https://www.bailii.org/ew/cases/EWCA/Civ/2006/1319.html</a> |
| Public note | View the judgment free of charge at www.bailii.org... |
| 942 ## - ADDED ENTRY ELEMENTS (KOHA) | |
| Suppress in OPAC | 0 |
| Withdrawn status | Lost status | Source of classification or shelving scheme | Damaged status | Not for loan | Home library | Current library | Shelving location | Date acquired | Total Checkouts | Full call number | Barcode | Date last seen | Copy number | Price effective from | Koha item type |
|---|---|---|---|---|---|---|---|---|---|---|---|---|---|---|---|
| Dewey Decimal Classification | Virtual | Virtual | Online | 08/11/2006 | ONLINE PUBLICATION | 135566-2001 | 06/08/2019 | 1 | 06/08/2019 | Law report |